00000000nam 2200000zi 4500
0019.918705
003CaOODSP
00520231221112725
006m     o  d f      
007cr mn|||||||||
008221223t20232023qucab   ob   f000 0 fre d
020 |a9780660468501
040 |aCaOODSP|bfre|erda|cCaOODSP
043 |an-cn-nu|ar------
0861 |aCW66-925/2022F-PDF
24500|aPlan de gestion de la réserve nationale de faune Ninginganiq.
264 1|aGatineau (Québec) : |bEnvironnement et changement climatique Canada = Environment and Climate Change Canada, |c[2023]
264 4|c©2023
300 |a1 ressource en ligne (x, 68 pages) : |billustrations (principalement en couleur), cartes en couleur
336 |atexte|btxt|2rdacontent/fre
337 |ainformatique|bc|2rdamedia/fre
338 |aressource en ligne|bcr|2rdacarrier/fre
500 |aPublié aussi en anglais sous le titre : Ninginganiq National Wildlife Area management plan; et en inuktitut sous le titre : Ninginganiq uumajuqarvingata sapujjivinganit aulattiningmut parnautiit.
500 |a« EC22047 » -- Verso de la couverture.
504 |aComprend des références bibliographiques (pages 57-66).
650 6|aRefuges fauniques|zNunavut|xGestion.
650 6|aParcs marins|zNunavut|xGestion.
650 6|aParcs nationaux|zNunavut|xGestion.
7101 |aCanada. |bEnvironnement et changement climatique Canada, |eorganisme de publication.
77508|tNinginganiq National Wildlife Area management plan.|w(CaOODSP)9.918704
77508|t[Plan de gestion de la réserve nationale de faune Ninginganiq].|w(CaOODSP)9.918707
85640|qPDF|s7.39 Mo|uhttps://publications.gc.ca/collections/collection_2023/eccc/cw66/CW66-925-2022-fra.pdf
986 |aEC22047